| Tag |
First Indicator |
Second Indicator |
Subfields |
| LEADER |
00000pam a2200000 i 4500 |
| 001 |
in00000046265 |
| 005 |
20151007071259.0 |
| 008 |
790117s1980 nyua b 00110 eng |
| 010 |
|
|
|a 79000510
|
| 020 |
|
|
|a 030640222X
|
| 035 |
|
|
|a (OCoLC)04638934
|
| 035 |
|
|
|9 AAE5667AM
|
| 040 |
|
|
|a DLC
|c DLC
|d TXA
|d UtOrBLW
|
| 049 |
|
|
|a TXAM
|c [981414]
|
| 050 |
0 |
0 |
|a QD506
|b .B45
|
| 082 |
0 |
|
|a 541/.39
|
| 100 |
1 |
|
|a Ben-Naim, Arieh,
|d 1934-
|
| 245 |
1 |
0 |
|a Hydrophobic interactions /
|c Arieh Ben-Naim.
|
| 264 |
|
1 |
|a New York :
|b Plenum Press,
|c [1980]
|
| 264 |
|
4 |
|c ©1980
|
| 300 |
|
|
|a xiii, 311 pages :
|b illustrations ;
|c 24 cm.
|
| 336 |
|
|
|a text
|b txt
|2 rdacontent
|
| 337 |
|
|
|a unmediated
|b n
|2 rdamedia
|
| 338 |
|
|
|a volume
|b nc
|2 rdacarrier
|
| 500 |
|
|
|a Includes index.
|
| 504 |
|
|
|a Bibliography: pages 303-307.
|
| 650 |
|
0 |
|a Surface chemistry.
|
| 650 |
|
0 |
|a Solution (Chemistry)
|
| 999 |
|
|
|a MARS
|
| 999 |
f |
f |
|s d682337d-11d8-3d94-9063-a281c74098a9
|i 1dc3c2a4-9279-3388-9b68-07805b0af87f
|t 0
|
| 952 |
f |
f |
|p ric
|a Texas A&M University
|b Rellis Campus
|c Joint Library Facility
|s JLF
|d Remote Storage
|t 0
|e QD506 .B45
|h Library of Congress classification
|i unmediated -- volume
|m A14804721011
|
| 998 |
f |
f |
|a QD506 .B45
|t 0
|l Remote Storage
|